000 00620 a2200229 4500
001 63581
005 20260407155934.0
008 260407a1971 arg spa d
003 AR-UNSa-BCEJYS
040 _aAR-UNSa-BCEJYS
_bspa
_cAR-UNSa-BCEJYS
080 _a004.94
_xSimulación
245 1 0 _aTécnicas de simulación en computadoras
264 1 _aMéxico :
_bLimusa-Wiley
_c1971
300 _a390 p.
_c23 cm.
041 _aspa
942 _cBK
590 _aniveau_biblio:m niveau_hierar:0
100 1 _aNaylor, Thomas H.
700 1 _aBalintfy, Joseph L.
700 1 _aBurdick, Donald S.
700 1 _aChu, Kong
999 _c8239
_d8239